Hypixel Skyblock Gemstones - Statistics

General Stats
  • This quiz has been taken 87 times
  • The average score is 10 of 12
Answer Stats
Picture Hint Answer % Correct
Gives Health Ruby
96%
Gives Intelligence Sapphire
96%
Gives Mining Speed Amber
94%
Gives Defense Amethyst
93%
Gives Pristine Topaz
92%
Gives Mining Fortune Jade
89%
Gives True Defense Opal
89%
Gives Strength Jasper
86%
Gives Crit Damage Onyx
76%
Gives Sea Creature Chance Aquamarine
72%
Gives Farming Fortune Peridot
64%
Gives Foraging Fortune Citrine
63%
No matching quizzes found
Score Distribution
Percent of People with Each Score
Percentile by Number Answered
Your Score History
You have not taken this quiz